00452cam a22000977a 4500008004000000082001500040245021800055260004100273300000900314700003100323180718b1956 xxu||||| |||| 00| 0 eng d aL2x54 1956 aMemorandum explaining the changes in the custom duties, excise duties and incometax law proposed in the finance bill, 1956 (clauses referred to are clauses in the finance bill, 1956)cby Ministry of Finance, India aNew DelhibMinistry of Financec1956 a17p. aIndia. Ministry of Finance